Simple quiz about Bulgaria - Statistics

General Stats
  • This quiz has been taken 160 times
  • The average score is 5 of 6
Answer Stats
Question Answer % Correct
Traditional Bulgarian food? Banitsa
100%
On which continent is Bulgaria is located? Europe
100%
What is the symbol of Bulgaria? Lion
86%
Which is the president of Bulgaria? Rumen Radev
86%
Which are the colours of the Bulgarian flag? white, green, red
86%
In which year Bulgaria was founded? 681
71%
No matching quizzes found
Score Distribution
Percent of People with Each Score
Percentile by Number Answered
Your Score History
You have not taken this quiz